000 01184nam a2200337Ia 4500
005 20240816104421.0
008 130821s1995 sp ad fr spa
020 _a8471008331
040 _aCo-BoUCM
_bspa
_cJose A. Gerena (modificó)
_dDavid Moreno (modificó)
041 0 0 _aspa
060 _aWA 400
245 0 0 _aManual de ergonomía
_cFrancisco Ferrer Martínez...[y otros] ; Fundación MAPFRE
250 _a2a ed
260 _aMadrid (España)
_bMAPFRE
_c1995
300 _a620 páginas
_bilustraciones, cuadros, gráficas
504 _aIncluye referencias bibliográficas
650 7 _aAntropometría
_99208
650 7 _aBiomecánica
_910139
650 7 _aErgonomía laboral
_914713
650 7 _aIngeniería humana
_917640
650 7 _aSalud ocupacional
_923954
650 7 _aPostura humana
_922129
650 7 _aPrevención de riesgos
_924662
650 7 _aHigiene industrial
_916833
700 _aFerrer Velasquez, Francisco
_959897
700 _aMinoya Lozano, Gilberto
_959898
700 _aNiño Escalante, José
_959899
700 _aRuiz Ripolles, Manuel
_959900
710 2 _aFundación MAPFRE
_959901
942 _cLIBRO
_a26
_e1
_mM15
_2NLM
_hWA 400
_n0
999 _c20663
_d20663